02889cam a2200337 i 4500999001700000001000900017005001700026008004100043010001700084020004600101040002300147042000800170050002400178100003700202245020100239260005200440300004500492504005100537505146800588650004402056650004402100650004402144650004402188650004602232650004602278700002802324700002202352700001802374942003502392952012402427 c19396d193961775893620170116115619.0130531s2014 enka b 001 0 eng  a 2013015854 a9781107025547 (hardback : alkaline paper) aDLCbengcDLCerda apcc00aHD9560.5b.R48 2014 a[edited by Lindoe,Preben Hempel]00aRisk governance of offshore oil and gas operations /cedited by Preben Hempel Lindøe (University of Stavanger), Michael Baram (Boston University Law School), Ortwin Renn (University of Stuttgart) aNew York :bCambridge University Press, cc2014 axvi, 434 pages :billustrations ;c24 cm aIncludes bibliographical references and index.0 aA Generic Model for Risk Governance : Concept and Application to Technological Installations / Ortwin Renn -- Modes of Risk Regulation for Prevention of Major Industrial Accidents / Michael Baram and Preben H. Lindøe -- Values and Norms : a Basis for a Safety Culture / Kathryn Mearns -- Optimising Offshore Health and Safety Inspections : How the Markets Could Help / Emre Emre Üşenmez -- Safety regulation on the Norwegian Continental Shelf / Knut Kaasen -- Health and Safety Regulation on the UKCS : Evolution and Future Prospects / John Paterson -- Preventing Accidents in Offshore Oil and Gas : the U.S. Regulatory Regime / Michael Baram -- A New Policy Direction in Australian Offshore Safety Regulation / Jan Hayes -- Safety Indicators Used by Authorities in the Petroleum Industry of UK, US and Norway / Helene Cecilie Blakstad -- Governmental Enforced Self-Regulation : The Norwegian Case / Paul Bang and Olaf Thuestad -- Contested Terrains in Risk Regulation : Legitimacy Challenges in Implementation Processes / Jacob Kringen -- Boxing and Dancing : Tripartite Collaboration as an Integral Part of a Regulatory Regime / Ragnar Rosness and Ulla Forseth -- Emergent Risk and New Technologies / Ole Andreas Engen -- Near Major Accidents : a Challenge for Regulator and the Regulated / Ole Andreas Engen -- Inspections, Independence and Intelligence / Helge Ryggvik -- Advancing Robust Regulation : Reflections and Lessons to be Learned / Andrew Hale. 0aOffshore oil industryxRisk management. 0aOffshore gas industryxRisk management. 0aOffshore oil industryxSafety measures. 0aOffshore gas industryxSafety measures. 0aOffshore oil industryxGovernment policy. 0aOffshore gas industryxGovernment policy.1 aLindøe, Preben Hempel.1 aBaram, Michael S.1 aRenn, Ortwin. 2lcccBOOKShHD9560.5 .R48 2014 00102lcc4070aMUCbMUCcTECHd2017-01-16eDonation(BFA)l0oHD9560.5 .R48 2014p30151r2018-06-28w2017-01-16yBOOKS